Egy tudós pap emlékezete Marcell Mihály-emléktábla Dunaszerdahelyen

Bibliographic Details
Format: Article
Language:Hungarian
PhysicalDescription:Fotogr.
ISSN:1335-6534
Subjects:

MARC

LEADER 00000nab a2200000 ar4500
001 vtls009002904
003 SK-MaSNL
005 20260319071231.0
008 070425c2007 xo |||||||h 000 b|hun
015 |a SNBRB2007/04  |2 snkbucl 
038 |a SNKBUCL 
040 |a DSZK  |b slo  |c DSZK  |e AACR2 
041 0 |a hun 
044 |a xo  |c SK 
080 |a 2-051:061.7  |2 1997 
080 |a 929 Marcell, Mihály  |2 1997 
080 |a 37-051:061.7  |2 1997 
245 0 0 |a Egy tudós pap emlékezete  |b Marcell Mihály-emléktábla Dunaszerdahelyen  |c [szerző] VR 
300 |b Fotogr. 
600 1 7 |a Marcell, Mihály,  |d 1883-1962  |x pamätné tabule  |2 snkbucl  |9 1064429 
648 7 |a 27.4.2007  |2 snkbucl  |9 1032032 
648 7 |a 2007  |2 snkbucl  |9 313226 
650 0 7 |a pamätné tabule  |2 snkbucl  |9 29445 
651 7 |a Dunajská Streda (Slovensko)  |2 snkbucl  |9 17375 
773 0 |t Remény  |g Évf. XVIII, sz. 17 (2007), o. 5  |x 1335-6534 
852 |a SNK  |b KIS3GCP 
852 |a DSZK  |b KIS3GCP 
958 |a HU 
958 |a BX 
958 |a NT 
999 |c 1749331  |d 1751261